Effectiveness of government regeneration initiatives (Record no. 102929)
[ view plain ]
| 000 -LEADER | |
|---|---|
| fixed length control field | 01096cam a2200205 4500 |
| 001 - CONTROL NUMBER | |
| control field | J122783 |
| 008 - FIXED-LENGTH DATA ELEMENTS--GENERAL INFORMATION | |
| fixed length control field | 030627n2003 000 0 eng u |
| 035 ## - SYSTEM CONTROL NUMBER | |
| System control number | (Sirsi) u122783 |
| 041 ## - LANGUAGE CODE | |
| Language code of text/sound track or separate title | eng |
| 050 ## - LIBRARY OF CONGRESS CALL NUMBER | |
| Classification number | 711.4 |
| 110 ## - MAIN ENTRY--CORPORATE NAME | |
| Corporate name or jurisdiction name as entry element | United Kingdom |
| Subordinate unit | Parliament |
| -- | House of Commons |
| -- | Select Committee on the Office of the Deputy Prime Minister |
| 245 ## - TITLE STATEMENT | |
| Title | Effectiveness of government regeneration initiatives |
| 260 ## - PUBLICATION, DISTRIBUTION, ETC. | |
| Place of publication, distribution, etc. | London |
| Name of publisher, distributor, etc. | HMSO |
| Date of publication, distribution, etc. | 2003 |
| 520 ## - SUMMARY, ETC. | |
| Summary, etc. | Seventh report of the ODPM Select Committee which expresses concerns at the proliferation of single-issue initiatives, the short-term attitude dominating current policy and the arbitrary boundaries used to define such initiatives. Suggests that local regeneration plans should form the basis of future approaches and funding. View at www.publications.parliament.uk. |
| 650 ## - SUBJECT ADDED ENTRY--TOPICAL TERM | |
| Topical term or geographic name entry element | LOCAL REGENERATION PLANS |
| 650 ## - SUBJECT ADDED ENTRY--TOPICAL TERM | |
| Topical term or geographic name entry element | URBAN REGENERATION |
| 690 ## - LOCAL SUBJECT ADDED ENTRY--TOPICAL TERM (OCLC, RLIN) | |
| Topical term or geographic name as entry element | REGENERATION |
| 856 ## - ELECTRONIC LOCATION AND ACCESS | |
| Uniform Resource Identifier | <a href="https://www.publications.parliament.uk/pa/cm200203/cmselect/cmodpm/76/7603.htm">https://www.publications.parliament.uk/pa/cm200203/cmselect/cmodpm/76/7603.htm</a> |
| Hours access method available | View the Select Committee report on the UK Parliament website... |
| 942 ## - ADDED ENTRY ELEMENTS (KOHA) | |
| Suppress in OPAC | 0 |
| Withdrawn status | Lost status | Source of classification or shelving scheme | Damaged status | Not for loan | Home library | Current library | Shelving location | Date acquired | Total Checkouts | Full call number | Barcode | Date last seen | Copy number | Price effective from | Koha item type |
|---|---|---|---|---|---|---|---|---|---|---|---|---|---|---|---|
| Dewey Decimal Classification | Virtual | Virtual | Online | 27/06/2003 | ONLINE PUBLICATIONS | 122783-1001 | 06/08/2019 | 1 | 06/08/2019 | Book |